al-Jawāb al-ṣaḥīḥ li-man baddala dīn al-Masīḥ /الجواب الصحيح لمن بدل دين المسيح / (Record no. 81055)
[ view plain ]
| 000 -LEADER | |
|---|---|
| fixed length control field | 01317nam a2200253 a 4500 |
| 001 - CONTROL NUMBER | |
| control field | 81055 |
| 003 - CONTROL NUMBER IDENTIFIER | |
| rucl marc code | BD-RjUL |
| 005 - DATE AND TIME OF LATEST TRANSACTION | |
| control field | 20230112114257.0 |
| 008 - FIXED-LENGTH DATA ELEMENTS--GENERAL INFORMATION | |
| fixed length control field | 011203s1905 ua 000 0 ara d |
| 035 ## - SYSTEM CONTROL NUMBER | |
| System control number | (BD-RjUL)81055 |
| 040 ## - CATALOGING SOURCE | |
| Original cataloging agency | NjP |
| Transcribing agency | NjP |
| Modifying agency | MH |
| -- | CStRLIN |
| -- | UkOxU |
| Language of cataloging | eng |
| 041 ## - LANGUAGE CODE | |
| Language code of text/sound track or separate title | ara |
| 082 ## - DEWEY DECIMAL CLASSIFICATION NUMBER | |
| Edition number | 23 |
| Classification number | 297.29 |
| Author mark and year | IBJ 1905 |
| 100 1# - MAIN ENTRY--PERSONAL NAME | |
| Personal name | Ibn Taymīyah, Aḥmad ibn ʿAbd al-Ḥalīm ,ابن تيمية، أحمد بن عبد الحليم. |
| Dates associated with a name | 1263-1328. |
| 9 (RLIN) | 6538 |
| 245 13 - TITLE STATEMENT | |
| Title | al-Jawāb al-ṣaḥīḥ li-man baddala dīn al-Masīḥ /الجواب الصحيح لمن بدل دين المسيح / |
| Statement of responsibility, etc. | taṣnīf Taqī al-Dīn Abī al-ʿAbbās Aḥmad ibn ʿAbd al-Ḥalīm ibn ʿAbd al-Sallām ibn Taymīyah al-Ḥarrānī.تصنيف تقي الدين أبي العباس أحمد بن عبد الحليم بن عبد السلام بن تيمية الحراني. |
| 260 ## - PUBLICATION, DISTRIBUTION, ETC. (IMPRINT) | |
| Place of publication, distribution, etc. | Miṣr :مصر : |
| Name of publisher, distributor, etc. | Maṭbaʿat al-Umumiah, |
| Date of publication, distribution, etc. | 1905. |
| 300 ## - PHYSICAL DESCRIPTION | |
| Pagination | 4 v. in 2 ; |
| Size | 20 cm. |
| 505 ## - FORMATTED CONTENTS NOTE | |
| Formatted contents note | Vol. 3-4.-- |
| 650 #0 - SUBJECT ADDED ENTRY--TOPICAL TERM | |
| Topical term or geographic name as entry element | Islam |
| General subdivision | Apologetic works |
| Form subdivision | Early works to 1800. |
| 9 (RLIN) | 6539 |
| Topical term or geographic name as entry element | Christianity |
| Form subdivision | Controversial literature |
| -- | Early works to 1800. |
| 9 (RLIN) | 6540 |
| Topical term or geographic name as entry element | Islam |
| General subdivision | Relations |
| -- | Christianity |
| Form subdivision | Early works to 1800. |
| 9 (RLIN) | 6541 |
| Topical term or geographic name as entry element | Christianity and other religions |
| General subdivision | Islam |
| Form subdivision | Early works to 1800. |
| 9 (RLIN) | 6542 |
| 942 ## - ADDED ENTRY ELEMENTS (KOHA) | |
| Source of classification or shelving scheme | Dewey Decimal Classification |
| Koha item type | Books |
| Lost status | Source of classification or shelving scheme | Damaged status | Not for loan | Collection code | Permanent Location | Current Location | Shelving location | Date acquired | Source of acquisition | Cost, normal purchase price | Total Checkouts | Full call number | Date last seen | Copy number | Koha item type |
|---|---|---|---|---|---|---|---|---|---|---|---|---|---|---|---|
| Dewey Decimal Classification | Not For Loan | Non-fiction | Central Library, University of Rajshahi | Central Library, University of Rajshahi | Reading Room | 25/07/1983 | M. Mojubur Rahman | 80.00 | A 297.29 IBJ V-3-4 1905 | 12/01/2023 | C-1 | Books |